[Event "5th Classic Open 2013"]
[Site "London ENG"]
[Date "2013.12.11"]
[Round "5.54"]
[White "Miu, Marinel"]
[Black "Ociepka, Adrian"]
[Result "0-1"]
[WhiteElo "1683"]
[BlackElo "2157"]
[WhiteFideId "1220691"]
[BlackFideId "1141937"]
[EventDate "2013.12.07"]

1. c4 Nf6 2. Nc3 e6 3. g3 d5 4. cxd5 exd5 5. d4 c6 6. Bg2 Be7 7. Nf3 O-O 8. O-O
Bg4 9. Ne5 Bh5 10. h3 Bg6 11. Nxg6 hxg6 12. e4 dxe4 13. Nxe4 Nbd7 14. Nc3 Nb6
15. a4 Re8 16. a5 Nbd5 17. Bg5 Nb4 18. Ra4 Nfd5 19. Nxd5 Nxd5 20. Bxe7 Rxe7 21.
Qb3 Nf6 22. a6 b5 23. Raa1 Qb6 24. Qc2 Rc8 25. d5 c5 26. Rfd1 Ne8 27. Qd2 Nd6
28. Re1 Rce8 29. Rxe7 Rxe7 30. Bf3 Nf5 31. Kg2 Nd4 32. Qa5 Qxa5 33. Rxa5 Re1 34.
Ra3 Nf5 35. Rc3 c4 36. b3 Nd6 37. bxc4 bxc4 38. Rc2 Ra1 39. Be2 Ra4 40. g4 g5
41. Bf1 Kf8 42. Kf3 Ra3+ 43. Kg2 Ra4 44. Kf3 Ke7 45. Ke3 Rxa6 46. Bxc4 Ra3+ 47.
Bd3 Nb5 48. Rc6 a5 49. Rb6 Nd6 50. Kd4 Ra1 51. Ra6 a4 52. Ra7+ Kf6 53. Kc5 Nc8
54. Ra6+ Ke5 55. d6 Nxd6 56. Kb4 a3 57. Kc3 a2 58. Kd2 Nb7 59. Bc4 Nc5 60. Rxa2
Ne4+ 61. Ke3 Re1+ 62. Kf3 Nd6 63. Ra5+ Kf6 64. Ra6 Ke7 65. Ra7+ Kf8 66. Ra8+ Re8
67. Rxe8+ Kxe8 68. Bd3 Ke7 69. Ke3 Kf6 70. f4 Nc8 71. f5 Ke5 72. Bc4 Nd6 73. Bd3
Nc8 74. Ba6 Ne7 75. Bc4 f6 76. Ba6 Nd5+ 77. Kf3 Kd4 78. Bb7 Ne3 79. Kg3 Nd1 80.
h4 Ke3 81. hxg5 fxg5 82. Ba8 Nc3 83. Bc6 Ne2+ 84. Kh3 Kf4 85. Bd7 Ng1+ 86. Kg2
Nf3 87. Bc8 Ne5 88. Bb7 Nxg4 89. Bc8 Ne3+ 90. Kf2 Nxf5 91. Bb7 g4 92. Ba8 g3+
93. Kg2 Nh4+ 94. Kg1 Kg4 95. Bc6 Nf3+ 96. Kg2 Ne1+ 97. Kg1 g5 98. Bd7+ Kh4 99.
Bc8 g4 100. Ba6 Kh3 101. Kf1 g2+ 102. Kf2 Kh2 0-1

[Event "5th Classic Open 2013"]
[Site "London ENG"]
[Date "2013.12.11"]
[Round "5.55"]
[White "Baterdene, Tsogbayar"]
[Black "Willmoth, Robert F"]
[Result "0-1"]
[WhiteElo "1816"]
[BlackElo "2157"]
[WhiteFideId "4901592"]
[BlackFideId "402540"]
[EventDate "2013.12.07"]

1. e4 c6 2. d4 d5 3. Nc3 dxe4 4. Nxe4 Bf5 5. Ng3 Bg6 6. h4 h6 7. Nf3 Nd7 8. h5
Bh7 9. Bd3 Bxd3 10. Qxd3 Ngf6 11. Bd2 e6 12. O-O-O Be7 13. Kb1 O-O 14. Ne4 Nxe4
15. Qxe4 Nf6 16. Qe2 Qd5 17. Ne5 Qe4 18. Qxe4 Nxe4 19. Be3 f5 20. f3 Nf6 21. Ng6
Rfe8 22. c4 Bd6 23. Ne5 c5 24. Bf4 cxd4 25. Rxd4 Bc5 26. Rd3 Red8 27. Kc2 Rac8
28. Rxd8+ Rxd8 29. Nd3 Bd4 30. Be5 Kf7 31. Bxd4 Rxd4 32. Kc3 Rd6 33. Ne5+ Ke7
34. a4 a5 35. b3 b6 36. Kc2 Ne8 37. Re1 Nf6 38. g4 fxg4 39. fxg4 Nd7 40. Ng6+
Ke8 41. Kc3 Nc5 42. Re3 Rd1 43. Ne5 Rg1 44. b4 axb4+ 45. Kxb4 Rb1+ 46. Ka3 Rf1
47. Kb4 Kd8 48. Nc6+ Kc7 49. Kb5 Rb1+ 50. Nb4 Kb7 51. Rf3 Na6 52. Rf7+ Nc7+ 53.
Rxc7+ Kxc7 54. c5 bxc5 55. Kxc5 Ra1 56. Na6+ Kb7 57. Kb5 Rb1+ 58. Ka5 e5 59.
Nc5+ Kc6 60. Ne6 e4 61. Nxg7 Kc5 62. g5 e3 63. Ne6+ Kd6 64. Nd4 Ke5 65. Nc2 e2
66. gxh6 Kf6 67. Ka6 Rc1 0-1

[Event "5th Classic Open 2013"]
[Site "London ENG"]
[Date "2013.12.11"]
[Round "5.56"]
[White "Bates, Richard A"]
[Black "Millward, Kevin P"]
[Result "1-0"]
[WhiteTitle "IM"]
[WhiteElo "2338"]
[BlackElo "1950"]
[WhiteFideId "403555"]
[BlackFideId "404721"]
[EventDate "2013.12.07"]

1. d4 d6 2. c4 g6 3. e4 Bg7 4. Nc3 e5 5. dxe5 dxe5 6. Qxd8+ Kxd8 7. f4 Nc6 8.
Nf3 Nd4 9. Bd3 Nxf3+ 10. gxf3 Ne7 11. h4 exf4 12. Bxf4 Bxc3+ 13. bxc3 c5 14. h5
Rg8 15. hxg6 hxg6 16. O-O-O Ke8 17. Bg5 Bd7 18. Bc2 Bc6 19. Bf6 Rd8 20. Rxd8+
Kxd8 21. Rd1+ Ke8 22. f4 Bd7 23. Rd6 b6 24. a4 Nc8 25. Rd2 a5 26. Bd1 Ne7 27.
Kb2 Rf8 28. Ka3 Rg8 29. Bf3 Bc6 30. Rd6 Bd7 31. Rxb6 Nc8 32. Rb8 Be6 33. e5 Kd7
34. Rb7+ Ke8 35. Bc6+ Kf8 36. Rb8 g5 37. fxg5 1-0

[Event "5th Classic Open 2013"]
[Site "London ENG"]
[Date "2013.12.11"]
[Round "5.57"]
[White "Bukojemski, Adam"]
[Black "Pleininger, Rudolf"]
[Result "1-0"]
[WhiteElo "2243"]
[BlackElo "1968"]
[WhiteFideId "1114620"]
[BlackFideId "1305999"]
[EventDate "2013.12.07"]

1. e4 e5 2. Nf3 Nc6 3. d4 exd4 4. Nxd4 Nf6 5. Nc3 Bb4 6. Nxc6 bxc6 7. Bd3 O-O 8.
O-O Re8 9. Qf3 h6 10. a3 Bc5 11. Bf4 d6 12. h3 Rb8 13. Rab1 Bd4 14. Ne2 Be5 15.
b4 Qe7 16. Be3 Bd7 17. Rbe1 Kh8 18. g4 Nh7 19. Qg2 g5 20. Ng3 Nf6 21. f4 gxf4
22. Bxf4 Bxf4 23. Rxf4 Nh7 24. Ref1 Rf8 25. Qf2 Ng5 26. Kg2 d5 27. exd5 cxd5 28.
Qd4+ Kg8 29. Rf6 Rb6 30. Nh5 Re8 31. Rxb6 1-0

[Event "5th Classic Open 2013"]
[Site "London ENG"]
[Date "2013.12.11"]
[Round "5.59"]
[White "Amato, Giampiero"]
[Black "Pienabarca, Nicola"]
[Result "1/2-1/2"]
[WhiteElo "2009"]
[BlackElo "2139"]
[WhiteFideId "813303"]
[BlackFideId "806641"]
[EventDate "2013.12.07"]

1. e4 e5 2. Nf3 Nc6 3. Bb5 Bc5 4. c3 Nf6 5. O-O O-O 6. d4 Bb6 7. d5 Ne7 8. Bd3
d6 9. Na3 c6 10. dxc6 bxc6 11. Nc4 Bc7 12. Qe2 Ng6 13. Rd1 Qe7 14. b3 Rd8 15.
Qe3 Ng4 16. Qe1 d5 17. Ne3 Nf6 18. Nf5 Qe8 19. Ng3 Nf4 20. Bc2 Bg4 21. Be3 h5
22. Rd2 Bxf3 23. gxf3 g6 24. Kh1 Qe6 25. Qf1 Nh7 26. Bxf4 exf4 27. exd5 cxd5 28.
Ne2 Qc6 29. Qg2 Be5 30. Rad1 Bxc3 31. Nxc3 Qxc3 32. Be4 Nf6 33. Qg5 Nxe4 34.
fxe4 Qf3+ 35. Qg2 Qxg2+ 36. Kxg2 Re8 37. exd5 Rad8 38. d6 Rd7 39. Kf3 Kg7 40.
Kxf4 Kf6 41. h4 Rb8 42. Rd4 Rb6 43. b4 Ke6 44. a4 f6 45. Re1+ Kf7 46. Red1 Ke6
47. Re1+ 1/2-1/2

[Event "5th Classic Open 2013"]
[Site "London ENG"]
[Date "2013.12.11"]
[Round "5.61"]
[White "Friedland, Jon S"]
[Black "Phillips, Owen S"]
[Result "1-0"]
[WhiteTitle "CM"]
[WhiteElo "2089"]
[BlackElo "1913"]
[WhiteFideId "408484"]
[BlackFideId "417882"]
[EventDate "2013.12.07"]

1. e4 e6 2. d4 d5 3. Nc3 Bb4 4. Bd3 dxe4 5. Bxe4 Nf6 6. Bd3 c5 7. dxc5 Bxc3+ 8.
bxc3 Qa5 9. Bd2 Qxc5 10. Nf3 b6 11. O-O Bb7 12. Rb1 h6 13. c4 Nbd7 14. Re1 O-O-O
15. Rb5 Qc6 16. Bf1 Ne4 17. Qc1 Nxd2 18. Qxd2 e5 19. Qc3 f6 20. Nh4 Kb8 21. Nf5
Nc5 22. Ne7 Qd6 23. Nd5 Bxd5 24. cxd5 Qxd5 25. Reb1 Kc7 26. a4 Qd4 27. Qg3 g5
28. Qf3 e4 29. Qa3 f5 30. a5 Rb8 31. axb6+ axb6 32. R1b4 Qd6 33. Rc4 Kd7 34.
Qa7+ Rb7 35. Qa1 Rbb8 36. Rd4 Rhf8 37. Rxd6+ Kxd6 38. Qd4+ Kc6 39. Rb1 Rfd8 40.
Bb5+ Kc7 41. Qe5+ Rd6 42. Ra1 Rd8 43. Qe7+ Kb8 44. Qa7+ Kc8 45. Qa8+ 1-0

[Event "5th Classic Open 2013"]
[Site "London ENG"]
[Date "2013.12.11"]
[Round "5.62"]
[White "Dydak, Mateusz"]
[Black "Buyandalai, Tumen"]
[Result "0-1"]
[WhiteElo "1901"]
[BlackElo "2074"]
[WhiteFideId "2612305"]
[BlackFideId "4901916"]
[EventDate "2013.12.07"]

1. f4 b6 2. e4 Bb7 3. d3 c5 4. Nf3 d5 5. exd5 Qxd5 6. Nc3 Qd6 7. d4 e6 8. Bb5+
Nd7 9. O-O Nf6 10. f5 cxd4 11. fxe6 fxe6 12. Nxd4 O-O-O 13. Nb3 Nd5 14. Nxd5
exd5 15. Qg4 Qb4 16. Qe2 Bd6 17. a4 Rde8 18. Qh5 Rhf8 19. Bd2 Qe4 20. Rxf8 Rxf8
21. Re1 Qf5 22. Qxf5 Rxf5 23. Re8+ Kc7 24. Nd4 Bc5 25. Be3 Re5 26. Rxe5 Nxe5 27.
Ne6+ Kd6 28. Bxc5+ Kxe6 29. Bd4 Kf5 30. Kf2 Ke4 31. c3 g5 32. Ke2 Bc8 33. h3 a6
34. Bxe5 axb5 35. Bd4 bxa4 36. Bxb6 Ba6+ 37. Kf2 Kd3 38. Bd8 Kc2 39. Bf6 Bc4 40.
Bxg5 Kxb2 41. Be7 Kxc3 42. Ke1 Bb3 43. g4 d4 44. Ba3 d3 45. Bc1 Kc2 46. Bf4 a3
47. Kf2 a2 48. Be5 d2 0-1

[Event "5th Classic Open 2013"]
[Site "London ENG"]
[Date "2013.12.11"]
[Round "5.64"]
[White "Bass, John W"]
[Black "Jacob, Sydney J"]
[Result "1/2-1/2"]
[WhiteElo "2048"]
[BlackElo "1907"]
[WhiteFideId "407925"]
[BlackFideId "419338"]
[EventDate "2013.12.07"]

1. d4 g6 2. Nf3 Bg7 3. c4 d6 4. g3 Nf6 5. Nc3 c6 6. Bg2 O-O 7. O-O Nbd7 8. e4 e5
9. h3 Re8 10. dxe5 dxe5 11. Be3 Qe7 12. Qc2 b6 13. Rfd1 Bb7 14. a3 Red8 15. Ne1
Ne8 16. Nd3 c5 17. Nd5 Bxd5 18. cxd5 Nd6 19. a4 a5 20. b3 f5 21. f3 Rac8 1/2-1/2

[Event "5th Classic Open 2013"]
[Site "London ENG"]
[Date "2013.12.11"]
[Round "5.66"]
[White "Duncan, Patrick C M"]
[Black "De Lagontrie, Jean"]
[Result "1-0"]
[WhiteElo "2035"]
[BlackElo "1775"]
[WhiteFideId "405787"]
[BlackFideId "605271"]
[EventDate "2013.12.07"]

1. b3 e5 2. Bb2 Nc6 3. e3 d6 4. Nf3 Bd7 5. Be2 Nf6 6. d3 Be7 7. O-O O-O 8. c4 e4
9. dxe4 Nxe4 10. Nc3 Nxc3 11. Bxc3 Bf6 12. Qd2 Bxc3 13. Qxc3 Qe7 14. Rfd1 Rad8
15. Rd2 b6 16. a3 Rfe8 17. b4 Ne5 18. Nxe5 dxe5 19. Rad1 Ba4 20. Rxd8 Rxd8 21.
Rxd8+ Qxd8 22. Qxe5 Qd6 23. Qxd6 cxd6 24. f4 h6 25. Kf2 f6 26. e4 Kf7 27. Ke3 g5
28. g3 Ke6 29. Bg4+ Ke7 30. Kd4 Bc6 31. Bf5 Kd8 32. e5 dxe5+ 33. fxe5 fxe5+ 34.
Kxe5 Ke7 35. Be4 Bd7 36. Bd5 Bh3 37. Bb7 Bg4 38. c5 bxc5 39. bxc5 Bh3 40. Ba6
Bd7 41. Kd5 Be6+ 42. Kc6 1-0

[Event "5th Classic Open 2013"]
[Site "London ENG"]
[Date "2013.12.11"]
[Round "5.67"]
[White "Leung, Ho Yan Andrew"]
[Black "Samaganova, Alexandra"]
[Result "0-1"]
[WhiteElo "1708"]
[BlackElo "2033"]
[WhiteFideId "6000290"]
[BlackFideId "13800221"]
[EventDate "2013.12.07"]

1. e4 c5 2. Nf3 e6 3. c3 Nf6 4. e5 Nd5 5. Na3 Be7 6. g3 O-O 7. Bg2 f6 8. d4 cxd4
9. cxd4 Bxa3 10. bxa3 Qa5+ 11. Qd2 Qb5 12. Bf1 Qa4 13. Bg2 Nc6 14. O-O f5 15. h4
b6 16. h5 Ba6 17. Re1 h6 18. Qd1 Qxd1 19. Rxd1 Rac8 20. Rd2 Na5 21. Nh4 Nc3 22.
Bf3 Nc4 23. Rc2 Nb5 24. Be3 Nbxa3 25. Rcc1 Nxe3 26. fxe3 Nc2 27. Rab1 Kf7 28.
Kf2 Na3 29. Rxc8 Rxc8 30. Rb2 Rc2+ 31. Rxc2 Nxc2 32. d5 Bc4 33. a4 Nb4 34. dxe6+
Kxe6 35. g4 Nd3+ 36. Kg3 fxg4 37. Bxg4+ Kxe5 38. Bxd7 Nc5 39. Bc6 Bb3 0-1

[Event "5th Classic Open 2013"]
[Site "London ENG"]
[Date "2013.12.11"]
[Round "5.68"]
[White "Stokes, Paul C"]
[Black "Torgersen, Markus"]
[Result "1-0"]
[WhiteElo "2030"]
[BlackElo "1732"]
[WhiteFideId "419010"]
[BlackFideId "1511653"]
[EventDate "2013.12.07"]

1. d4 Nf6 2. c4 g6 3. Nf3 Bg7 4. g3 O-O 5. Bg2 d6 6. O-O Nc6 7. Nc3 a6 8. h3 Bd7
9. e4 e5 10. Be3 exd4 11. Nxd4 Ne5 12. b3 c5 13. Nde2 Ne8 14. Rc1 b5 15. f4 Nc6
16. e5 bxc4 17. bxc4 Rc8 18. exd6 Na5 19. Ne4 Bb2 20. Qd2 Bxc1 21. Rxc1 Qb6 22.
Qc3 Nb7 23. Rd1 Qb4 24. Qxb4 cxb4 25. c5 Na5 26. Rb1 Nc4 27. Bd4 f5 28. Ng5 Nd2
29. Bd5+ 1-0

[Event "5th Classic Open 2013"]
[Site "London ENG"]
[Date "2013.12.11"]
[Round "5.69"]
[White "Solli, Oddvar"]
[Black "Warman, Simon M"]
[Result "0-1"]
[WhiteElo "1849"]
[BlackElo "2119"]
[WhiteFideId "1501208"]
[BlackFideId "408867"]
[EventDate "2013.12.07"]

1. d4 c5 2. d5 d6 3. e4 Nf6 4. Nc3 g6 5. Nf3 Bg7 6. Be2 O-O 7. O-O e6 8. h3 exd5
9. exd5 Na6 10. Bg5 h6 11. Be3 Re8 12. Qd2 Kh7 13. a4 Nb4 14. Bc4 Bf5 15. Rac1
Ne4 16. Nxe4 Rxe4 17. Bb3 Qf6 18. c3 Bxh3 19. cxb4 Bxg2 20. Nh2 Bxf1 21. Kxf1
Rxb4 22. Bc2 Qxb2 23. Qe2 Re8 24. Rb1 Qc3 25. Rc1 Qe5 26. Qf3 Qxh2 27. Qxf7 Qh1+
28. Ke2 Qh5+ 0-1

[Event "5th Classic Open 2013"]
[Site "London ENG"]
[Date "2013.12.11"]
[Round "5.70"]
[White "Shah, Dipak K"]
[Black "Calvert, D Ian"]
[Result "0-1"]
[WhiteElo "1886"]
[BlackElo "2002"]
[WhiteFideId "425842"]
[BlackFideId "406368"]
[EventDate "2013.12.07"]

1. e4 d5 2. c4 dxe4 3. Nc3 Nf6 4. Nge2 Nc6 5. Ng3 g6 6. Ngxe4 Nxe4 7. Nxe4 Bg7
8. d3 O-O 9. Be2 Nd4 10. Rb1 b6 11. Be3 Bb7 12. f3 Qd7 13. b4 Rad8 14. a4 f5 15.
Nf2 e5 16. O-O e4 17. fxe4 fxe4 18. dxe4 Nxe2+ 19. Qxe2 Qxa4 20. Ng4 Qc6 21.
Nh6+ Bxh6 22. Bxh6 Rxf1+ 23. Rxf1 Qxe4 24. Qa2 c5 25. bxc5 bxc5 26. Qf2 Qd4 27.
Be3 Qxc4 28. Bxc5 Ba6 29. Bxa7 Qxf1+ 30. Qxf1 Bxf1 31. Kxf1 Rd2 32. Bf2 Kf7 33.
g3 Ke6 34. Kg2 Kf5 35. h3 Ke4 36. g4 Kf4 37. Kf1 Kf3 38. Bh4 Rh2 39. Kg1 Rxh3 0-1

[Event "5th Classic Open 2013"]
[Site "London ENG"]
[Date "2013.12.11"]
[Round "5.71"]
[White "Whatley, Stephen A J"]
[Black "Al-Hamlan, Faisal"]
[Result "1-0"]
[WhiteElo "1852"]
[BlackElo "1997"]
[WhiteFideId "420441"]
[BlackFideId "10300180"]
[EventDate "2013.12.07"]

1. e4 g6 2. Nf3 Bg7 3. d4 b6 4. Bd3 Bb7 5. O-O e6 6. c3 d6 7. Bg5 f6 8. Be3 Nd7
9. Nbd2 Qe7 10. a4 a5 11. Qe2 Nh6 12. Ne1 Nf7 13. Nc2 O-O 14. b4 f5 15. f3 f4
16. Bf2 g5 17. Rfb1 Nf6 18. bxa5 Rxa5 19. Nb3 Ra7 20. a5 Rfa8 21. a6 Bc8 22. Nb4
Bd7 23. Bb5 Qe8 24. Bxd7 Qxd7 25. Rd1 d5 26. e5 Ne8 27. c4 Bf8 28. c5 bxc5 29.
dxc5 c6 30. Na5 Nd8 31. Nc4 Qc7 32. Nd6 Qd7 33. Nc4 Qg7 34. Nb6 Rb8 35. Nd3 Qg6
36. Nb2 Ng7 37. Rd3 Nf5 38. Qd2 Nf7 39. Qe1 h5 40. Rb3 Bg7 41. Nd3 Rf8 42. Ra4
h4 43. h3 Qh5 44. Nb4 Nxe5 45. Nxc6 Nxc6 46. Qxe6+ Qf7 47. Qxc6 d4 48. Nc4 Ne3
49. Rb7 Qf5 50. Nd2 Qc2 51. Rxa7 Qxd2 52. Ra1 Rf6 53. Qb7 Nf5 54. Qd5+ Kh7 55.
Qa2 Qc3 56. Qa5 Qc4 57. Rd7 Ne3 58. a7 d3 59. a8=Q Rg6 60. Qa2 Qc3 61. Q8g8+ Kh6
62. Rxg7 Qxg7 63. Qxg7+ Rxg7 64. Qe6+ 1-0

[Event "5th Classic Open 2013"]
[Site "London ENG"]
[Date "2013.12.11"]
[Round "5.72"]
[White "Gupta, Arul"]
[Black "Acosta, Mariano USA"]
[Result "1-0"]
[WhiteElo "1840"]
[BlackElo "1991"]
[WhiteFideId "422622"]
[BlackFideId "2008629"]
[EventDate "2013.12.07"]

1. e4 e5 2. Nf3 Nc6 3. Bc4 Bc5 4. d3 Nf6 5. Nc3 a6 6. Bg5 h6 7. Bxf6 Qxf6 8. Nd5
Qd8 9. c3 d6 10. d4 Ba7 11. dxe5 dxe5 12. Qc2 Be6 13. O-O-O Qc8 14. Bb3 Bg4 15.
h3 Bxf3 16. gxf3 Bc5 17. Rhg1 Bf8 18. f4 exf4 19. e5 Na5 20. e6 Nxb3+ 21. axb3
g5 22. Qf5 Qxe6 23. Nxc7+ Ke7 24. Nxe6 fxe6 25. Rge1 1-0

[Event "5th Classic Open 2013"]
[Site "London ENG"]
[Date "2013.12.11"]
[Round "5.73"]
[White "Cannon, Raymond C"]
[Black "Staneland, Peter E"]
[Result "1/2-1/2"]
[WhiteElo "1975"]
[BlackElo "1829"]
[WhiteFideId "408018"]
[BlackFideId "416576"]
[EventDate "2013.12.07"]

1. Nc3 Nf6 2. e4 e5 3. Nf3 Nc6 4. d4 exd4 5. Nxd4 Bc5 6. Be3 Nxd4 7. Bxd4 Bxd4
8. Qxd4 d6 9. O-O-O Be6 10. Bb5+ c6 11. Be2 d5 12. exd5 Bxd5 13. Bc4 O-O 14.
Bxd5 cxd5 15. Nxd5 Nxd5 16. Qxd5 Qb6 17. Qd4 Qg6 18. Rhe1 Rac8 19. Rd3 h6 20.
Kb1 Rc6 21. Rc3 Rxc3 22. Qxc3 Qxg2 23. Qg3 Qc6 24. Rg1 g6 25. Qe3 Rc8 26. c3 h5
27. Qxa7 Qe4+ 28. Ka1 Re8 29. a3 Re6 30. Qc5 b6 31. Qxh5 Qe1+ 32. Qd1 Qxf2 33.
Rf1 Qxh2 34. Rh1 Qd6 35. Qf3 Qe7 36. Ka2 Re4 37. Qf2 Qe6+ 38. Ka1 b5 39. Qg3 Kg7
40. Rd1 Qc4 41. Rh1 Qe6 42. Qf2 Qe5 43. Ka2 Qe6+ 44. Ka1 Qe5 45. Ka2 1/2-1/2

[Event "5th Classic Open 2013"]
[Site "London ENG"]
[Date "2013.12.11"]
[Round "5.74"]
[White "Kalerwa, Edwin M"]
[Black "Wood, Peter R"]
[Result "1/2-1/2"]
[WhiteElo "1820"]
[BlackElo "1970"]
[WhiteFideId "422223"]
[BlackFideId "422215"]
[EventDate "2013.12.07"]

1. c4 e5 2. Nc3 Nc6 3. g3 g6 4. Bg2 Bg7 5. Nf3 f5 6. d3 Nf6 7. O-O d6 8. Ne1 O-O
9. Nc2 a5 10. Ne3 Nd4 11. Ned5 c6 12. e3 Ne6 13. Nxf6+ Qxf6 14. Na4 Qd8 15. Bd2
Rb8 16. Qe1 Ra8 17. Rb1 f4 18. f3 Bd7 19. b3 g5 20. Nc3 Nc5 21. Qe2 Bf5 22. Ne4
Nxd3 23. Qxd3 d5 24. cxd5 cxd5 25. Qe2 dxe4 26. Qc4+ Kh8 27. Rbd1 Qb6 28. Qe2
Bd7 29. Rfe1 fxg3 30. Bxa5 gxh2+ 31. Kh1 Qb5 32. Qxb5 Bxb5 33. Bb4 Rfd8 34. fxe4
Bf6 35. a4 Bd3 36. Kxh2 Bc2 37. Rc1 Bxb3 38. a5 Rac8 39. Rb1 Ba4 40. Ra1 Bb5 41.
Ra2 Kg7 42. Rf2 Rc4 43. Rb1 Ba6 44. Bf1 Rc6 45. Bxa6 bxa6 46. Be1 Rdc8 47. Rd2
Rc1 48. Rd7+ Kg6 49. Rxc1 Rxc1 50. Bg3 Rc5 51. Be1 Rc6 52. Rb7 h5 53. Rb6 Rc4
54. Rxa6 Rxe4 55. Bf2 Kf5 56. Rc6 Ra4 57. a6 e4 58. Bg3 h4 59. Bb8 Be5+ 60. Bxe5
Kxe5 61. Kh3 Kf5 62. Rc5+ Kg6 63. Kg4 Rxa6 64. Rxg5+ Kf6 65. Rh5 Ra1 66. Rxh4
Rf1 67. Rh6+ Ke5 68. Rh5+ Kf6 69. Rh8 Ke5 70. Re8+ Kd5 71. Rd8+ Ke5 1/2-1/2

[Event "5th Classic Open 2013"]
[Site "London ENG"]
[Date "2013.12.11"]
[Round "5.75"]
[White "Faldon, David J"]
[Black "Arapalea, Daniel-Ionel"]
[Result "0-1"]
[WhiteElo "1960"]
[BlackElo "1814"]
[WhiteFideId "426016"]
[BlackFideId "1232614"]
[EventDate "2013.12.07"]

1. d4 d5 2. Bf4 e6 3. e3 Nf6 4. Nd2 c5 5. c3 Nc6 6. Bd3 cxd4 7. exd4 h6 8. Ngf3
Bd6 9. Ne5 Bxe5 10. dxe5 Nd7 11. Nf3 g5 12. Bg3 Qb6 13. Qe2 Nc5 14. Bb1 Na4 15.
O-O Nxb2 16. a4 Nc4 17. Bd3 N6a5 18. Rab1 Qc7 19. Nd4 Bd7 20. Rb4 O-O-O 21. Rfb1
b6 22. Nb5 Bxb5 23. Rxb5 Na3 24. Rxa5 Nxb1 25. Ra6 Nxc3 26. Qb2 d4 27. f3 Rd5
28. Bf2 Rhd8 29. Qb4 Na2 30. Qc4 Qxc4 31. Bxc4 Rc5 0-1

[Event "5th Classic Open 2013"]
[Site "London ENG"]
[Date "2013.12.11"]
[Round "5.77"]
[White "Barasi, Paul Dl"]
[Black "Shaw, Robin A."]
[Result "0-1"]
[WhiteElo "1914"]
[BlackElo "1802"]
[WhiteFideId "432830"]
[BlackFideId "3204677"]
[EventDate "2013.12.07"]

1. d4 f5 2. Bg5 g6 3. Nc3 Bg7 4. e4 fxe4 5. Nxe4 Nf6 6. Bd3 d5 7. Ng3 Nc6 8. Nf3
Bg4 9. c3 Qd6 10. Qa4 Nd7 11. O-O-O Nb6 12. Qc2 O-O-O 13. Rde1 Rde8 14. Be2 Rhf8
15. Ne5 Bxe2 16. Qxe2 Nxe5 17. dxe5 Qc6 18. Kb1 Nc4 19. Qg4+ Kb8 20. Bf4 Qb6 21.
Re2 Rf7 22. Nf1 Ref8 23. g3 d4 0-1

[Event "5th Classic Open 2013"]
[Site "London ENG"]
[Date "2013.12.11"]
[Round "5.79"]
[White "Pattni, Kishan"]
[Black "Matthew, Ian G"]
[Result "0-1"]
[WhiteElo "1715"]
[BlackElo "1910"]
[WhiteFideId "420751"]
[BlackFideId "423165"]
[EventDate "2013.12.07"]

1. f4 e5 2. fxe5 d6 3. exd6 Bxd6 4. Nf3 g5 5. d4 g4 6. Ng5 Be7 7. Ne4 Bf5 8. Ng3
Bh4 9. Bf4 Nf6 10. Nc3 O-O 11. Qd2 Nc6 12. O-O-O Bg6 13. a3 Qe7 14. e3 Rad8 15.
Bd3 Nd5 16. Nxd5 Rxd5 17. Bc4 Ra5 18. d5 Rxa3 19. bxa3 Qxa3+ 20. Kb1 Bf6 21. Qd4
Nxd4 22. exd4 Qb4+ 23. Kc1 Qxc4 24. Rd2 Qa4 0-1

[Event "5th Classic Open 2013"]
[Site "London ENG"]
[Date "2013.12.11"]
[Round "5.80"]
[White "Schmitz, Tim"]
[Black "Boyalakuntla, Siva"]
[Result "1-0"]
[WhiteElo "1909"]
[BlackElo "1465"]
[WhiteFideId "1270221"]
[BlackFideId "423432"]
[EventDate "2013.12.07"]

1. e4 c5 2. Nf3 e6 3. d4 cxd4 4. Nxd4 Nf6 5. Nc3 a6 6. Bd3 d6 7. Bg5 Be7 8. f4
Nbd7 9. Qf3 Qb6 10. Nb3 Qc7 11. O-O-O b5 12. Rhe1 Bb7 13. Qg3 Rc8 14. e5 Nh5 15.
Qh4 Bxg5 16. Qxg5 g6 17. exd6 Qd8 18. Qxd8+ Rxd8 19. g3 O-O 20. Be4 Bc8 21. Bf3
Nhf6 22. Nd4 Nb8 23. Nc6 Nxc6 24. Bxc6 Nd7 25. a3 Rfe8 26. Ne4 f5 27. Bxd7 Bxd7
28. Nf6+ Kg7 29. Nxe8+ Rxe8 30. Re5 Kf6 31. Rc5 e5 32. fxe5+ Ke6 33. Re1 a5 34.
Kd2 a4 35. Ke3 g5 36. Kd4 h5 37. Rc7 Rc8 38. Rxc8 Bxc8 39. Re3 Bd7 40. Rc3 Be8
41. Rc7 Bd7 42. c3 h4 43. Ke3 hxg3 44. hxg3 1-0

[Event "5th Classic Open 2013"]
[Site "London ENG"]
[Date "2013.12.11"]
[Round "5.81"]
[White "Bratteteig, Tore-Inge"]
[Black "McCarthy, Damian"]
[Result "1/2-1/2"]
[WhiteElo "1696"]
[BlackElo "1905"]
[WhiteFideId "1510711"]
[BlackFideId "422240"]
[EventDate "2013.12.07"]

1. d4 Nf6 2. Nf3 e6 3. g3 b5 4. Bg2 Bb7 5. O-O Be7 6. Nbd2 O-O 7. c4 bxc4 8.
Nxc4 d6 9. b3 Nbd7 10. Bb2 Nb6 11. Nfd2 Bxg2 12. Kxg2 Nxc4 13. Nxc4 Rc8 14. Rc1
Qd7 15. f3 c5 16. e4 d5 17. exd5 Nxd5 18. Qe2 cxd4 19. Ne5 Qd6 20. Nc4 Rxc4 21.
Rxc4 Ne3+ 22. Kg1 Nxc4 23. Qxc4 Rd8 24. f4 Qc5 25. Qxc5 Bxc5 26. Kg2 Kf8 27. Kf3
f5 28. Rc1 Bb6 29. Ke2 Ke7 30. Kd3 g5 31. Rc4 gxf4 32. gxf4 Rg8 33. Bxd4 Rg2 34.
Bxb6 axb6 35. Rc7+ Kd6 36. Rxh7 Rxa2 37. h4 Rf2 38. Ke3 Rb2 39. h5 Rxb3+ 40. Kd4
Rb4+ 41. Ke3 Rb3+ 42. Kf2 Rh3 43. Kg2 Rh4 44. Kg3 Rg4+ 45. Kf3 b5 46. h6 Rh4 47.
Rh8 Kc5 48. h7 Kb4 49. Ke3 Kb3 50. Rb8 Rxh7 51. Rxb5+ Kc4 52. Re5 Rh6 53. Kf3
Kd4 54. Kg3 Kd3 55. Kg2 Rh4 56. Kg3 Rg4+ 57. Kf3 Rg6 1/2-1/2

[Event "5th Classic Open 2013"]
[Site "London ENG"]
[Date "2013.12.11"]
[Round "5.82"]
[White "Altman, Joshua"]
[Black "Sagues, Vincent"]
[Result "1/2-1/2"]
[WhiteTitle "CM"]
[WhiteElo "1626"]
[BlackElo "1904"]
[WhiteFideId "426210"]
[BlackFideId "625680"]
[EventDate "2013.12.07"]

1. e4 e6 2. d4 d5 3. Nd2 Nf6 4. e5 Nfd7 5. c3 c5 6. Bd3 Nc6 7. Ne2 cxd4 8. cxd4
f6 9. exf6 Nxf6 10. Nf3 Bd6 11. O-O O-O 12. Bf4 Bxf4 13. Nxf4 Ne4 14. Ne2 Ng5
15. Nxg5 Qxg5 16. Ng3 Qf6 17. Ne2 e5 18. dxe5 Qxe5 19. Qd2 Bf5 20. Bxf5 Qxf5 21.
Rad1 Rad8 22. Ng3 Qf7 23. Rfe1 Qd7 24. Ne4 Qf5 25. Nc5 Rf7 26. Re2 h6 27. Rde1
Qg4 28. h3 Qb4 29. Qxb4 Nxb4 30. a3 Nc6 31. Rd2 d4 32. Red1 Re7 33. b4 a6 34.
Nb3 Red7 35. Kh2 1/2-1/2